000 00415nam a2200181Ia 4500
003 OSt
005 20260316124822.0
008 250729s2007 xx 000 0 und d
040 _cAL
041 _aeng
082 _a823 LEWA
100 _aLewis Carroll
_9230158
245 _aAlice in wounderland
260 _aNewyork
_bParragon
_c2007
300 _a287p
650 _aLiterature
_9230159
942 _2ddc
_cBED
999 _c238642
_d238642